000 00570nam a2200181 i 4500
001 49030
003 ES-MaACL
005 20230906161853.0
007 t|
008 030704s1972 sp ||||1| spa d
100 1 _aCoronzu, Antoni.
_940693
245 1 0 _aMosaic
_b: poemes /
_cAntoni Coronzu ; proemi de Cesare Acutis ; presentació de Josep Aresté Clop.
260 _aBarcelona :
_b[Barcino :
_bAltés],
_c1972.
300 _a116 p. ;
_c20 cm.
700 1 _aAcutis, Cesare.
_918345
700 1 _aArestés Clop, Josep.
_922643
852 _aES-MaACL
_jC-55317
_bR.87960
999 _c49030
_d49030